| 000 | 01697nam a2200481 i 4500 | ||
|---|---|---|---|
| 001 | 55886 | ||
| 003 | KOSZ 005 | ||
| 005 | 20211216112121.0 | ||
| 008 | 081028s2008 pl a f f |001 0 pol | ||
| 015 | _aUWD 2008/28165 | ||
| 020 | _a9788360233351 | ||
| 035 | _a991045976619705066 | ||
| 035 | _a(PL-WaBN)b22611903-48omnis_nlop | ||
| 035 | _ab22611903 | ||
| 035 | _a(OCoLC)297683006 | ||
| 035 | _axx001210367 | ||
| 035 | _a(PL)b0000002261190 | ||
| 035 | _a(EXLNZ-48OMNIS_NETWORK)9910497237305606 | ||
| 040 |
_aWA N _cWA N _dKOSZ 005/HR |
||
| 046 | _k2008 | ||
| 080 | _a004.454:681.58 | ||
| 080 | _a621.3.049.77 | ||
| 080 | _a004.31 | ||
| 080 | _a(075.8) | ||
| 100 | 1 |
_aKwaśniewski, Janusz _d(1946- ) _eAutor |
|
| 245 | 1 | 0 |
_aSterowniki PLC w praktyce inżynierskiej / _cJanusz Kwaśniewski. |
| 260 |
_aLegionowo : _bWydawnictwo BTC, _ccop. 2008. |
||
| 300 |
_a344 s. : _bil. ; _c25 cm. |
||
| 336 |
_aTekst _btxt _2rdacontent |
||
| 337 |
_aBez urządzenia pośredniczącego _bn _2rdamedia |
||
| 338 |
_aWolumin _bnc _2rdacarrier |
||
| 380 | _aKsiążki | ||
| 388 | _a2001- | ||
| 504 | _aBibliogr. s. 333-337. Indeks. | ||
| 521 | 8 | _aDla studentów automatyki i informatyki oraz dla kadry inżynierskiej zajmującej się automatyzacją i programowaniem sterowników przemysłowych. | |
| 650 | 7 |
_aSterowniki programowalne _2DBN |
|
| 655 | 7 |
_aPodręczniki akademickie _2DBN |
|
| 658 | _aInformatyka i technologie informacyjne | ||
| 710 | 2 |
_aBTC Korporacja, Paweł Zbysiński _4pbl |
|
| 856 |
_uhttp://koha.tu.koszalin.pl/cgi-bin/koha/opac-detail.pl?biblionumber=55886 _yKatalog online BPK |
||
| 942 |
_2UKD _cKS |
||
| 999 |
_c55886 _d55886 |
||